MARC

LEADER 00000nam0a2200000 4500
001 289877
005 20231102000229.0
035 |a (RuTPU)RU\TPU\book\314398 
090 |a 289877 
100 |a 20150403d1980 km y0engy50 ba 
101 0 |a eng 
102 |a US  |a GB 
105 |a a z 001zy 
200 1 |a Polymers  |h Part A : Molecular Structure and Dynamica  |f edited by R. A. Fava 
210 |a New York  |c Akademic Press  |d 1980 
215 |a 582 p.  |c il. 
225 1 |a Methods of experimental physics  |v Vol. 16 
320 |a Index: p. 507-590 
606 1 |a Полимеры  |2 stltpush  |3 (RuTPU)RU\TPU\subj\50220  |9 68952 
610 1 |a молекулярная структура 
610 1 |a молекулярная масса 
610 1 |a свойства 
610 1 |a франкционирование 
610 1 |a гель-проникающая хроматография 
610 1 |a спектроскопия 
610 1 |a методы 
610 1 |a методы 
610 1 |a исследования 
610 1 |a динамика 
610 1 |a английский язык 
675 |a 678.86  |v 3 
702 1 |a Fava  |b R. A.  |4 340 
801 1 |a RU  |b 63413507  |c 20150403 
801 2 |a RU  |b 63413507  |c 20181114  |g RCR 
942 |c BK